=LDR 00000nam 2200000 4500 =001 INLIS000000000040222 =005 20130612145809 =008 ***********************************Ind** =035 ##$$0010-061300000040222 =041 ##$$a Ind =090 ##$$a 813, Cam a.1 =100 ##$$a Cameron's,james =245 ##$$a Avatar, james cameron's =260 ##$$a 2010 $b Jakarta =300 ##$$a v+69 hlm, 14 cmx20,5 cm =850 ##$$a NBPNMAT